| Tag |
First Indicator |
Second Indicator |
Subfields |
| LEADER |
00000cam a2200000 a 4500 |
| 001 |
in00002755439 |
| 005 |
20211120164955.0 |
| 006 |
m o d f |
| 007 |
cr cn||||||||| |
| 008 |
110606s2010 dcuab ob f000 0 eng c |
| 035 |
|
|
|a (OCoLC)ocn729265121
|
| 040 |
|
|
|a ORE
|c ORE
|d GPO
|d MvI
|d UtOrBLW
|
| 042 |
|
|
|a pcc
|
| 043 |
|
|
|a n-us---
|
| 049 |
|
|
|a WWW
|
| 074 |
|
|
|a 0042-V (online)
|
| 086 |
0 |
|
|a A 93.73:99
|
| 090 |
|
|
|a HD1401
|b .E26 no.99
|
| 245 |
0 |
0 |
|a Comparing the structure, size, and performance of local and mainstream food supply chains /
|c Robert P. King [and others].
|
| 264 |
|
1 |
|a [Washington, D.C.] :
|b U.S. Dept. of Agriculture, Economic Research Service,
|c [2010]
|
| 300 |
|
|
|a 1 online resource (v, 73 pages) :
|b color illustrations, color map.
|
| 336 |
|
|
|a text
|b txt
|2 rdacontent
|
| 337 |
|
|
|a computer
|b c
|2 rdamedia
|
| 338 |
|
|
|a online resource
|b cr
|2 rdacarrier
|
| 490 |
1 |
|
|a Economic research report ;
|v no. 99
|
| 500 |
|
|
|a Title from title screen (viewed on July 11, 2012).
|
| 500 |
|
|
|a "A report from the Economic Research Service."
|
| 500 |
|
|
|a "June 2010."
|
| 530 |
|
|
|a Charts and graphs in .PNG format additionally available as zipped files from the report home page.
|
| 504 |
|
|
|a Includes bibliographical references (pages 71-73).
|
| 500 |
|
|
|a Electronic resource.
|
| 650 |
|
0 |
|a Local foods
|z United States
|x Marketing
|v Case studies.
|
| 650 |
|
0 |
|a Business logistics
|z United States
|v Case studies.
|
| 650 |
|
0 |
|a Food
|z United States
|x Marketing
|v Case studies.
|
| 700 |
1 |
|
|a King, Robert P.
|
| 710 |
1 |
|
|a United States.
|b Department of Agriculture.
|b Economic Research Service.
|
| 776 |
0 |
8 |
|i Print version:
|t Comparing the structure, size, and performance of local and mainstream food supply chains
|w (OCoLC)647218099
|
| 830 |
|
0 |
|a Economic research report (United States. Department of Agriculture. Economic Research Service) ;
|v no. 99.
|
| 856 |
4 |
0 |
|u https://purl.fdlp.gov/GPO/gpo25108
|t 0
|
| 999 |
|
|
|a MARS
|
| 999 |
f |
f |
|s 2647d5e0-df47-31fc-95a5-3c2f54ee3633
|i c1143eb8-342d-38cf-bb4e-5a94bec44e87
|t 0
|
| 952 |
f |
f |
|a Texas A&M University
|b College Station
|c Electronic Resources
|d Available Online
|t 0
|e A 93.73:99
|h Superintendent of Documents classification
|
| 998 |
f |
f |
|a A 93.73:99
|t 0
|l Available Online
|